Normal view
MARC view
Entry Personal Name
001 - CONTROL NUMBER
- control field: 8778
003 - CONTROL NUMBER IDENTIFIER
- control field: OSt
005 - DATE AND TIME OF LATEST TRANSACTION
- control field: 20211028145725.0
008 - FIXED-LENGTH DATA ELEMENTS
- fixed length control field: 211028|| aca||aabn | a|a d
040 ## - CATALOGING SOURCE
- Original cataloging agency: OSt
- Transcribing agency: OSt
100 ## - HEADING--PERSONAL NAME
- Personal name: Anton, Kuris Annie; Prabhu, Aravinda.
- Miscellaneous information: 161918
670 ## - SOURCE DATA FOUND
- Source citation: Work cat.: (OSt): Anton, Kuris Annie; Prabhu, Aravinda. 161918, Hospital management system., 2018